000 00761nam a22002417a 4500
003 UA-OsUOA
001 94243
007 ta
008 20130206b un ||||| |||| 00| 0 ukr d
100 _aСильвестров В.
090 _a82-94
_bС36
942 _cBK
040 _aUA-OsUOA
_brus
_cUA-OsUOA
_dUA-OsUOA
245 _aДождаться музыки
_bлекции-беседы. По материалам встреч, организованных Сергеем Пилютиковым
300 _a368 с.
955 _a2
041 _arus
080 _a82-94
020 _a978-966-378-166-2
260 _aК.
_bДух і Літера
_c2010
650 7 _a82 Література. Літературознавство
_2UDC
999 _c380488
_d380488